000 00725nam a2200229 4500
003 OSt
005 20240718035244.0
006 a
008 240718b |||||||| |||| 00| 0 eng d
020 _a0815337620
040 _aDWCL-Main lib.
_cOC
082 _aCirc. 302.23089 S274 2002
245 _aSay it loud: African-American audiences, Media, and identify /
260 _aN.Y. :
_bRouteledge,
_cc2002.
300 _ax,
_b360p.;
_c23 cm.
504 _aIncludes Bibliographical references & Index.
650 _a1. African Americans and mass media
650 _a2. Mass Media-United States-Audiences.
650 _a3. African Americans-Ethnicity.
700 _aRobin R. Means Coleman
942 _2ddc
_n0
_cBK-CIRC
_kCirc.
999 _c2361
_d2361